[Event "XXXV MEMORIAL IMIENIA LUDWIKA ZAMENHOFA 2016 - grupa A"]
[Site "Bialystok"]
[Date "2016-12-27"]
[Round "1.1"]
[White "Krzywda, Andrzej"]
[Black "Socko, Bartosz"]
[Result "0-1"]
[WhiteTitle "k"]
[BlackTitle "GM"]
[WhiteElo "2148"]
[BlackElo "2613"]

1. e4 2. e6 3. d4 4. d5 5. Nc3 6. Bb4 7. a3 8. Bxc3+ 9. bxc3 10. Ne7 11. Bd3 12.
c5 13. Nf3 14. b6 15. O-O 16. Bb7 17. e5 18. Ba6 19. a4 20. Bxd3 21. Qxd3 22.
Nd7 23. Ba3 24. Rc8 25. a5 26. O-O 27. Rfb1 28. Nc6 29. axb6 30. axb6 31. Qb5
32. Re8 33. Bc1 34. Na5 35. Bg5 36. Qc7 37. dxc5 Nxc5 38. Be3 39. Nc4 40. Bd4
41. Ra8 42. h3 43. h6 44. Ne1 45. Nd7 46. Nd3 47. Na3 48. Rxa3 49. Rxa3 50. Rb2
51. Rea8 52. f4 53. Ra2 54. Rxa2 55. Rxa2 56. f5 57. Rxc2 58. Nf4 59. Nxe5 60.
Qe8+ 61. Kh7 62. Qf8 63. exf5 64. Nd3 65. Nf3+ 66. gxf3 67. Qh2+ 68. Kf1 69. Qe2+
0-1

[Event "XXXV MEMORIAL IMIENIA LUDWIKA ZAMENHOFA 2016 - grupa A"]
[Site "Bialystok"]
[Date "2016-12-27"]
[Round "1.2"]
[White "Azarov, Sergei"]
[Black "Wisniewski, Michal"]
[Result "1-0"]
[WhiteTitle "GM"]
[BlackTitle "k+"]
[WhiteElo "2600"]
[BlackElo "2144"]

1. e4 2. c5 3. Nf3 4. d6 5. d4 6. cxd4 7. Nxd4 8. Nf6 9. Nc3 10. g6 11. Be3 12.
Bg7 13. f3 14. Nc6 15. Qd2 16. O-O 17. O-O-O 18. d5 19. exd5 20. Nxd5 21. Nxc6
22. bxc6 23. Bd4 24. Bxd4 25. Qxd4 26. Qb6 27. Na4 28. Qc7 29. Bc4 30. Rd8 31.
Rd2 32. Be6 33. Nc5 34. Nf4 35. Nxe6 36. Nxe6 37. Qe3 38. Rxd2 39. Qxd2 40. Rd8
41. Qe3 42. Nf4 43. g3 44. Nd5 45. Qc5 46. Qb6 47. Qxb6 48. axb6 49. Rd1 50. e6
51. Be2 52. Rd7 53. c4 54. Nf6 55. b4 56. Rxd1+ 57. Bxd1 58. Nd7 59. Kd2 60. Kf8
61. Ba4 62. Nb8 63. Kc3 64. Ke7 65. c5 66. bxc5 67. bxc5 68. Kd7 69. f4 70. Kc7
71. Kd4 72. Nd7 73. Bb3 74. Nf6 75. a4 76. Ng4 77. h4 78. Nh6 79. Ke3 80. Nf5+
81. Kf2 82. h5 83. Bc4 84. Kb7 85. a5 86. Ka7 87. Kf3 88. Nd4+ 89. Ke4 90. Nf5
91. Ke5 92. Nxg3 93. Kd6 94. Kb7 95. a6+ 96. Ka7 97. Kxc6 98. Ne4 99. Bd3 100.
f5 101. Bc4 102. Nd2 103. Bxe6 104. Kxa6 105. Bf7 106. g5 107. fxg5 108. f4 109.
Bxh5 110. f3 111. g6 112. f2 113. Be2+ 114. Ka5 115. g7 116. Nf3 117. g8=Q 118.
Nd4+ 119. Kd7 120. Nxe2 121. Qa2+ 1-0

[Event "XXXV MEMORIAL IMIENIA LUDWIKA ZAMENHOFA 2016 - grupa A"]
[Site "Bialystok"]
[Date "2016-12-27"]
[Round "1.3"]
[White "Chomczyk, Marek"]
[Black "Markowski, Tomasz"]
[Result "0-1"]
[WhiteTitle "k"]
[BlackTitle "GM"]
[WhiteElo "2139"]
[BlackElo "2563"]

1. e4 2. c5 3. Nf3 4. e6 5. d4 6. cxd4 7. Nxd4 8. a6 9. Nd2 10. d6 11. c3 12. Nf6
13. Bd3 14. Be7 15. O-O 16. O-O 17. h3 18. b6 19. b4 20. Bb7 21. Bb2 22. Nbd7
23. Re1 24. Qc7 25. Qb3 26. Rfe8 27. Rac1 28. Bf8 29. c4 30. g6 31. a3 32. Rac8
33. Rcd1 34. Ne5 35. N4f3 36. Nxd3 37. Qxd3 38. e5 39. Nh2 40. Bh6 41. Nhf1 42.
Qc6 43. Ne3 44. b5 45. Nd5 46. Bg7 47. Rc1 48. Nxd5 49. cxd5 50. Qb6 51. Nb3 52.
f5 53. Rxc8 54. Bxc8 55. Rc1 56. Bd7 57. Rc3 58. Rf8 59. Qe3 60. Qxe3 61. fxe3
62. Rc8 63. Nd2 64. Kf7 65. Kf2 66. Bf6 67. exf5 68. gxf5 69. e4 70. h5 71. Rxc8
72. Bxc8 73. Kf3 74. Bg5 75. Nf1 76. fxe4+ 77. Kxe4 78. Kf6 79. Ne3 80. Bd7 81.
Kf3 82. Be8 83. g4 84. Bf7 85. gxh5 86. Bxh5+ 87. Ng4+ 88. Kf5 89. Bc3 90. Bf7
91. Ne3+ 92. Bxe3 93. Kxe3 94. Bxd5 95. Be1 96. Bf7 97. Bh4 98. d5 99. Bf2 100.
d4+ 101. Kd3 102. Bc4+ 103. Kd2 104. Ke4 105. h4 106. Bf7 0-1

[Event "XXXV MEMORIAL IMIENIA LUDWIKA ZAMENHOFA 2016 - grupa A"]
[Site "Bialystok"]
[Date "2016-12-27"]
[Round "1.4"]
[White "Stupak, Kirill"]
[Black "Borawski, Jakub"]
[Result "1-0"]
[WhiteTitle "GM"]
[BlackTitle "k"]
[WhiteElo "2562"]
[BlackElo "2136"]

1. d4 2. Nf6 3. g3 4. e6 5. Bg2 6. d5 7. Nf3 8. b5 9. O-O 10. c5 11. b3 12. Bb7
13. c4 14. dxc4 15. bxc4 16. bxc4 17. Nc3 18. cxd4 19. Rb1 20. Bc6 21. Nxd4 22.
Bxg2 23. Kxg2 24. Bc5 25. Ndb5 26. Qxd1 27. Rxd1 28. Na6 29. Nd6+ 30. Bxd6 31.
Rxd6 32. Nc7 33. e4 34. O-O 35. Rc6 36. Rfc8 37. Rb7 38. Nfe8 39. Bf4 40. e5 41.
Bxe5 42. Ne6 43. Rxa7 44. Rxc6 45. Rxa8 46. Kf8 47. Nd5 48. f6 49. Bc3 50. N6c7
51. Ra7 52. Nxd5 53. exd5 54. Rc7 55. Bb4+ 56. Kf7 57. Rxc7+ 58. Nxc7 59. d6 60.
Ne6 61. a4 62. Ke8 63. Kf3 64. f5 65. Ke3 66. Kd7 67. Kd2 68. Kc6 69. Kc3 70.
Kd5 71. a5 72. Nd4 73. d7 74. Ne6 75. Be7 1-0

[Event "XXXV MEMORIAL IMIENIA LUDWIKA ZAMENHOFA 2016 - grupa A"]
[Site "Bialystok"]
[Date "2016-12-27"]
[Round "1.5"]
[White "Kowalski, Igor"]
[Black "Heberla, Bartlomiej"]
[Result "0-1"]
[WhiteTitle "k"]
[BlackTitle "GM"]
[WhiteElo "2129"]
[BlackElo "2553"]

1. d4 2. d6 3. e4 4. g6 5. Nc3 6. Bg7 7. Be3 8. a6 9. a4 10. b6 11. Qd2 12. Bb7
13. f3 14. Nd7 15. d5 16. c6 17. dxc6 18. Bxc6 19. Nge2 20. Ngf6 21. Nd4 22. Bb7
23. Bh6 24. O-O 25. Be2 26. Bxh6 27. Qxh6 28. e5 29. Nb3 30. d5 31. exd5 32. Nxd5
33. Nxd5 34. Bxd5 35. Nd2 36. Qc7 37. c3 38. Nc5 39. O-O 40. Rfd8 41. Qe3 42.
Bc6 43. Nc4 44. Bd5 45. Nd2 46. f5 47. Rfd1 48. a5 49. Bb5 50. f4 51. Qe2 52.
Nb3 53. Nxb3 54. Bxb3 55. Rxd8+ 56. Rxd8 57. Re1 58. Qc5+ 59. Kf1 60. Rd5 61.
c4 62. Rd6 63. Qxe5 64. Bxc4+ 65. Bxc4+ 66. Qxc4+ 67. Re2 68. Rd1+ 69. Kf2 70.
Qd4+ 71. Qxd4 72. Rxd4 73. Re4 74. Rd2+ 75. Re2 76. Rd3 77. Re1 78. Rb3 79. Rb1
80. Kf7 81. Ke2 82. g5 83. Kd2 84. Kg6 85. Kc2 86. Re3 87. Rd1 88. Kh5 89. Rd3
90. Re2+ 91. Rd2 92. Re1 93. Rd1 94. Re6 95. Rd4 96. Re2+ 97. Rd2 98. Re6 99.
Rd4 100. Kh4 101. Kd2 102. Rf6 103. Ke2 104. Re6+ 105. Kd2 106. Rf6 107. Ke2 108.
h5 109. Rd5 110. Rc6 111. Kd2 112. Re6 113. Rd4 114. Rf6 115. Rd5 116. g4 117.
fxg4 118. hxg4 119. Ke2 120. Rc6 121. Rb5 122. Rc2+ 123. Kf1 124. Rc1+ 125. Kf2
Rc2+ 126. Kf1 127. Rc1+ 128. Kf2 129. g3+ 130. hxg3+ 131. fxg3+ 132. Kf3 133.
Rf1+ 134. Ke3 135. Rf2 136. Rxb6 137. Rxg2 138. b4 139. axb4 140. Rxb4+ 141. Kh3
142. Kd4 143. Ra2 144. Kc5 145. g2 146. Rb3+ 147. Kh2 0-1

[Event "XXXV MEMORIAL IMIENIA LUDWIKA ZAMENHOFA 2016 - grupa A"]
[Site "Bialystok"]
[Date "2016-12-27"]
[Round "1.6"]
[White "Jakubowski, Krzysztof"]
[Black "Luba, Lukasz"]
[Result "1-0"]
[WhiteTitle "GM"]
[BlackTitle "I"]
[WhiteElo "2531"]
[BlackElo "2114"]

1. e4 2. c5 3. Nf3 4. d6 5. d4 6. Nf6 7. Nc3 8. cxd4 9. Nxd4 10. g6 11. Be3 12.
Bg7 13. f3 14. h5 15. Qd2 16. Nc6 17. O-O-O 18. Bd7 19. Kb1 20. Qc8 21. g3 22.
Ne5 23. b3 24. O-O 25. h3 26. a6 27. g4 28. Bc6 29. Bg2 30. Rb8 31. g5 32. Ne8
33. f4 34. Nd7 35. f5 36. Ne5 37. Rhf1 38. Nc7 39. f6 40. Bh8 41. fxe7 42. Re8
43. Rf6 44. Bxf6 45. gxf6 46. Kh7 47. Bf4 48. Ne6 49. Nxe6 50. Qxe6 51. Qxd6 52.
Qxd6 53. Rxd6 54. Nd7 55. h4 56. Rbc8 57. Bh3 58. Rc7 59. Rd3 60. Nxf6 61. Bxc7
62. Nxe4 63. Bd8 64. Nf2 65. Re3 66. Nxh3 67. Rxh3 68. g5 69. hxg5 70. Kg6 71.
Ne2 72. Kxg5 73. Rg3+ 74. Kf6 75. Nf4 76. h4 77. Rg4 78. Ke5 79. Rxh4 80. Rg8
81. Bc7+ 82. Kf6 83. Bd6 1-0

[Event "XXXV MEMORIAL IMIENIA LUDWIKA ZAMENHOFA 2016 - grupa A"]
[Site "Bialystok"]
[Date "2016-12-27"]
[Round "1.7"]
[White "Ocytko, Andrzej"]
[Black "Kanarek, Marcel"]
[Result "0-1"]
[WhiteTitle "k"]
[BlackTitle "GM"]
[WhiteElo "2110"]
[BlackElo "2526"]

1. e4 2. c5 3. Nf3 4. Nc6 5. Bb5 6. e6 7. Bxc6 8. bxc6 9. O-O 10. Ne7 11. d3 12.
Ng6 13. c4 14. e5 15. Nc3 16. Be7 17. Bd2 18. O-O 19. Re1 20. d6 21. a3 22. a5
23. Na4 24. f5 25. h3 26. Be6 27. Rc1 28. Qe8 29. b4 30. axb4 31. axb4 32. fxe4
33. dxe4 34. Rxf3 35. Qxf3 36. Rxa4 37. bxc5 38. dxc5 39. Qb3 40. Qa8 41. Rc2
42. Ra3 43. Qb2 44. h6 45. Kh2 46. Kh7 47. Rd1 48. Rd3 49. Ra1 50. Qc8 51. Be3
52. Bxh3 53. gxh3 54. Nf4 55. Bxf4 56. Qxh3+ 57. Kg1 58. exf4 59. f3 60. Qxf3
61. Rg2 62. Bf6 63. Qxf6 64. Rd1+ 0-1

[Event "XXXV MEMORIAL IMIENIA LUDWIKA ZAMENHOFA 2016 - grupa A"]
[Site "Bialystok"]
[Date "2016-12-27"]
[Round "1.8"]
[White "Bobras, Piotr"]
[Black "Maj, Pawel"]
[Result "1-0"]
[WhiteTitle "GM"]
[BlackTitle "k"]
[WhiteElo "2523"]
[BlackElo "2109"]

1. e4 2. c5 3. Nf3 4. d6 5. d4 6. cxd4 7. Nxd4 8. Nf6 9. Nc3 10. a6 11. Bg5 12.
e6 13. f4 14. Be7 15. Qf3 16. Qc7 17. O-O-O 18. Nbd7 19. Bd3 20. h6 21. h4 22.
b5 23. Bxf6 24. Nxf6 25. e5 26. Bb7 27. Qh3 28. Nd7 29. Nxe6 30. fxe6 31. exd6
32. Bxd6 33. Qxe6+ 34. Kd8 35. Bf5 36. Bxf4+ 37. Kb1 38. Bc6 39. Nd5 40. Qd6 41.
Nxf4 42. Qxe6 43. Nxe6+ 44. Ke7 45. Nd4 1-0

[Event "XXXV MEMORIAL IMIENIA LUDWIKA ZAMENHOFA 2016 - grupa A"]
[Site "Bialystok"]
[Date "2016-12-27"]
[Round "1.9"]
[White "Cherepov, Alexej"]
[Black "Kveinys, Aloyzas"]
[Result "0-1"]
[WhiteTitle "k"]
[BlackTitle "GM"]
[WhiteElo "2106"]
[BlackElo "2518"]

1. d4 2. Nf6 3. c4 4. e6 5. Nf3 6. d5 7. g3 8. dxc4 9. Qa4+ 10. Nbd7 11. Bg2 12.
a6 13. Nc3 14. Rb8 15. Qxc4 16. b5 17. Qd3 18. Bb7 19. O-O 20. c5 21. Bf4 22.
c4 23. Qc2 24. Rc8 25. a3 26. Be7 27. e4 28. O-O 29. Rad1 30. Re8 31. h3 32. Qb6
33. Be3 34. Rcd8 35. g4 36. Qc7 37. Nh2 38. e5 39. g5 40. Nh5 41. dxe5 42. Nxe5
43. Qe2 44. g6 45. Ng4 46. Nxg4 47. Qxg4 48. Bc5 49. Bxc5 50. Qxc5 51. Nd5 52.
Bxd5 53. exd5 54. Qd6 55. Rd4 56. Re5 57. Rfd1 58. Rde8 59. Bf3 60. Rf5 61. h4
62. h6 63. gxh6 64. Kh7 65. Be4 66. Rf4 67. Qg2 68. f5 0-1

[Event "XXXV MEMORIAL IMIENIA LUDWIKA ZAMENHOFA 2016 - grupa A"]
[Site "Bialystok"]
[Date "2016-12-27"]
[Round "1.10"]
[White "Leniart, Arkadiusz"]
[Black "Walewski, Wojciech"]
[Result "1-0"]
[WhiteTitle "IM"]
[BlackTitle "k"]
[WhiteElo "2482"]
[BlackElo "2095"]

1. e4 2. e5 3. Nf3 4. d6 5. Bc4 6. Be7 7. d4 8. Nd7 9. dxe5 10. Nxe5 11. Nxe5 12.
dxe5 13. Qh5 14. g6 15. Qxe5 16. Nf6 17. Bh6 18. Qd6 19. Qxd6 20. cxd6 21. Nc3
22. Be6 23. Bb5+ 24. Nd7 25. Bf4 26. O-O-O 27. O-O-O 28. Ne5 29. Nd5 30. Bxd5
31. Rxd5 32. f6 33. Rhd1 34. Kc7 35. Be3 36. a6 37. Be2 38. Rhe8 39. a4 40. Bf8
41. R1d4 42. Re6 43. b4 44. Rde8 45. Bd3 46. Kb8 47. b5 48. axb5 49. Rxb5 50.
Nxd3+ 51. cxd3 52. Re5 53. Rdb4 54. Rxb5 55. Rxb5 56. Kc7 57. Kc2 58. Re5 59.
Kb3 60. Rxb5+ 61. axb5 62. Kd7 63. g4 64. Ke6 65. Kb4 66. d5+ 67. Ka5 68. dxe4
69. dxe4 70. Kd7 71. Kb6 72. Kc8 73. Bc5 74. Bh6 75. Be7 76. Bf4 77. Bxf6 78.
Bxh2 79. Kc5 80. Kd7 81. Kd5 82. Bd6 83. e5 84. Bb4 85. f4 86. h5 87. gxh5 88.
gxh5 89. Bh4 90. Ba3 91. f5 92. Bb4 93. f6 94. Ke8 95. Ke6 96. Kf8 97. Kf5 98.
Bc3 99. e6 1-0

[Event "XXXV MEMORIAL IMIENIA LUDWIKA ZAMENHOFA 2016 - grupa A"]
[Site "Bialystok"]
[Date "2016-12-27"]
[Round "1.11"]
[White "Praczukowski, Stanislaw"]
[Black "Koziak, Vitali"]
[Result "0-1"]
[WhiteTitle "k"]
[BlackTitle "IM"]
[WhiteElo "2093"]
[BlackElo "2479"]

1. e4 e5 2. Nf3 Nc6 3. d4 exd4 4. Bc4 Nf6 5. e5 d5 6. Bb5 Ne4 7. Nxd4 Bd7 8. Bxc6
bxc6 9. O-O Bc5 10. f3 Ng5 11. f4 Ne4 12. Be3 Bb6 13. Nd2 c5 14. N4f3 Bf5 15.
Nxe4 Bxe4 16. Ng5 Bf5 17. g4 Bc8 18. f5 h6 19. Nf3 d4 20. Bf4 Qd5 21. b3 Bb7 22.
Qe2 d3 23. cxd3 c4+ 24. d4 cxb3 25. axb3 g5 26. fxg6 fxg6 27. Rad1 Rf8 0-1

[Event "XXXV MEMORIAL IMIENIA LUDWIKA ZAMENHOFA 2016 - grupa A"]
[Site "Bialystok"]
[Date "2016-12-27"]
[Round "1.12"]
[White "Nasuta, Grzegorz"]
[Black "Niedzwiedz, Marek"]
[Result "1-0"]
[WhiteTitle "IM"]
[BlackTitle "k"]
[WhiteElo "2448"]
[BlackElo "2088"]

1. e4 2. d6 3. d4 4. Nf6 5. Nc3 6. g6 7. f4 8. Bg7 9. Nf3 10. O-O 11. Bd3 12. Na6
13. O-O 14. c5 15. d5 16. Bg4 17. Bc4 18. Nd7 19. h3 20. Bxf3 21. Qxf3 22. Nb4
23. Qd1 24. Nb6 25. Be2 26. Na6 27. a3 28. Nc7 29. Be3 30. e6 31. dxe6 32. Nxe6
33. Nb5 34. d5 35. f5 36. d4 37. fxe6 38. a6 39. exf7+ 40. Rxf7 41. Rxf7 42. Kxf7
43. Nxd4 44. cxd4 45. Bf2 46. Qd6 47. c3 48. Rd8 49. Qb3+ 50. Qe6 51. Qxe6+ 52.
Kxe6 53. Rd1 54. dxc3 55. Bxb6 56. c2 57. Bg4+ 58. Ke5 59. Bxd8 60. cxd1=Q+ 61.
Bxd1 62. b5 63. Bf3 64. Kf4 65. Bc7+ 1-0

[Event "XXXV MEMORIAL IMIENIA LUDWIKA ZAMENHOFA 2016 - grupa A"]
[Site "Bialystok"]
[Date "2016-12-27"]
[Round "1.13"]
[White "Kokoszczynski, Jan"]
[Black "Socko, Monika"]
[Result "0-1"]
[WhiteTitle "k"]
[BlackTitle "GM"]
[WhiteElo "2076"]
[BlackElo "2441"]

1. d4 2. Nf6 3. Nf3 4. g6 5. g3 6. Bg7 7. Bg2 8. O-O 9. O-O 10. d6 11. c4 12. Nc6
13. Nc3 14. a6 15. h3 16. Bd7 17. Be3 18. Rb8 19. Rc1 20. b5 21. Nd2 22. e6 23.
b3 24. Ne7 25. Nde4 26. Nxe4 27. Nxe4 28. bxc4 29. bxc4 30. Rb2 31. c5 32. Bb5
33. Nc3 34. Nf5 35. a4 36. Bc4 37. Rb1 38. Rxb1 39. Nxb1 40. Nxe3 41. fxe3 42.
Qg5 43. Qc1 44. Bxe2 45. Re1 46. Bd3 47. cxd6 48. cxd6 49. Kh2 50. Rb8 51. Nd2
52. Qa5 0-1

[Event "XXXV MEMORIAL IMIENIA LUDWIKA ZAMENHOFA 2016 - grupa A"]
[Site "Bialystok"]
[Date "2016-12-27"]
[Round "1.14"]
[White "Berzinsh, Roland"]
[Black "Beks, Edmunds"]
[Result "1-0"]
[WhiteTitle "IM"]
[BlackTitle "k"]
[WhiteElo "2408"]
[BlackElo "2068"]

1. e4 2. Nf6 3. e5 4. Nd5 5. d4 6. d6 7. c4 8. Nb6 9. exd6 10. exd6 11. Nc3 12.
Nc6 13. Be3 14. Bf5 15. Nf3 16. d5 17. c5 18. Nc8 19. Qb3 20. N8e7 21. Qxb7 22.
Rb8 23. Qa6 24. Nb4 25. Qa4+ 26. c6 27. Rc1 28. Nd3+ 29. Bxd3 30. Bxd3 31. Ne5
1-0

[Event "XXXV MEMORIAL IMIENIA LUDWIKA ZAMENHOFA 2016 - grupa A"]
[Site "Bialystok"]
[Date "2016-12-27"]
[Round "1.15"]
[White "Oglaza, Oskar"]
[Black "Cukrowski, Filip"]
[Result "0-1"]
[WhiteTitle "k"]
[BlackTitle "FM"]
[WhiteElo "2066"]
[BlackElo "2372"]

1. e4 2. c5 3. Nf3 4. Nc6 5. d4 6. cxd4 7. Nxd4 8. Nf6 9. Nc3 10. d6 11. Bg5 12.
e6 13. Qd2 14. a6 15. O-O-O 16. Bd7 17. f3 18. Be7 19. g4 20. b5 21. Be3 22. O-O
23. h4 24. Qa5 25. Kb1 26. Nxd4 27. Bxd4 28. b4 29. Ne2 30. e5 31. Be3 32. Be6
33. Nc1 34. Rfd8 35. Qe2 36. d5 37. Nb3 38. Qc7 39. exd5 40. Nxd5 41. Bh3 42.
a5 43. g5 44. Bxh3 45. Rxh3 46. a4 47. Nc1 48. a3 49. Rd3 50. axb2 51. Kxb2 52.
Nc3 53. Qd2 54. Qc4 55. Rxd8+ 56. Rxd8 57. Qe1 58. Rd1 59. Qg3 60. Qxa2+ 61. Nxa2
62. Rb1# 0-1

[Event "XXXV MEMORIAL IMIENIA LUDWIKA ZAMENHOFA 2016 - grupa A"]
[Site "Bialystok"]
[Date "2016-12-27"]
[Round "1.16"]
[White "Kowalczyk, Pawel"]
[Black "Murza, Adam"]
[Result "1-0"]
[WhiteTitle "k+"]
[BlackTitle "I+"]
[WhiteElo "2353"]
[BlackElo "2058"]

1. d4 2. d5 3. Nf3 4. Nf6 5. c4 6. c6 7. g3 8. Bg4 9. Bg2 10. e6 11. O-O 12. Nbd7
13. Nc3 14. dxc4 15. a4 16. Nd5 17. Nd2 18. Bb4 19. h3 20. Bh5 21. g4 22. Bg6
23. Nxc4 24. Nxc3 25. bxc3 26. Bxc3 27. Ba3 28. Qf6 29. Nd6+ 30. Kd8 31. Rc1 32.
Bxd4 33. Nxb7+ 34. Ke8 35. Bxc6 36. h5 37. a5 1-0

[Event "XXXV MEMORIAL IMIENIA LUDWIKA ZAMENHOFA 2016 - grupa A"]
[Site "Bialystok"]
[Date "2016-12-27"]
[Round "1.17"]
[White "Korolev, Alexandr"]
[Black "Teclaf, Pawel"]
[Result "0-1"]
[WhiteTitle "k"]
[BlackTitle "CM"]
[WhiteElo "2049"]
[BlackElo "2341"]

1. e4 2. c5 3. c3 4. Nf6 5. e5 6. Nd5 7. d4 8. cxd4 9. Qxd4 10. e6 11. Nf3 12.
Nc6 13. Qe4 14. d6 15. Nbd2 16. dxe5 17. Nxe5 18. Nxe5 19. Qxe5 20. Bd7 21. Nf3
22. Qb6 23. Bd3 24. Nf6 25. O-O 26. Bd6 27. Qe2 28. Qc7 29. Re1 30. O-O-O 31.
Ne5 32. Be8 33. Bc2 34. Nd5 35. h3 36. Kb8 37. a3 38. f6 39. Nf3 40. Bh5 41. Bd2
42. g5 43. Bb3 44. Bf4 45. Rad1 46. Bxd2 47. Rxd2 48. Nf4 49. Qe3 50. Qc6 51.
Bd1 52. e5 53. Kh2 54. Rxd2 55. Qxd2 56. Rg8 57. Re3 58. g4 59. hxg4 60. Bxg4
61. g3 62. Ne6 63. Nh4 64. Rd8 65. Rd3 66. Rxd3 67. Qxd3 68. Bxd1 69. Qxd1 70.
Qb6 71. Qc2 72. a5 73. b4 74. Ng5 75. Qe2 76. Qc6 77. c4 78. Qd7 79. c5 80. axb4
81. axb4 82. Qd4 83. Nf3 84. Qg4 85. Kg2 86. Ne6 87. Qd2 88. Kc8 89. Ng1 90. Qe4+
91. f3 92. Qd4 93. Qxd4 94. Nxd4 95. Kf2 96. Nc6 97. Ke3 98. Nxb4 99. Ke4 100.
Kd7 101. Ne2 102. Ke6 103. g4 104. Na6 105. Kd3 0-1

[Event "XXXV MEMORIAL IMIENIA LUDWIKA ZAMENHOFA 2016 - grupa A"]
[Site "Bialystok"]
[Date "2016-12-27"]
[Round "1.18"]
[White "Gurbanov, Andrei"]
[Black "Krasiewicz, Robert"]
[Result "1-0"]
[WhiteTitle "IM"]
[BlackTitle "k+"]
[WhiteElo "2330"]
[BlackElo "2048"]

1. d4 2. f5 3. Qd3 4. d5 5. g4 6. fxg4 7. h3 8. Nf6 9. hxg4 10. Bxg4 11. f3 12.
Bc8 13. Nc3 14. Nc6 15. Bg5 16. Qd6 17. O-O-O 18. Be6 19. e4 20. dxe4 21. fxe4
22. O-O-O 23. e5 24. Qxd4 25. Qxd4 26. Rxd4 27. Rxd4 28. Nxd4 29. exf6 30. exf6
31. Bd2 32. h5 33. Bh3 34. Kd7 35. Nge2 36. Nxe2+ 37. Nxe2 38. Bd6 39. Bg2 40.
g5 41. Bc3 42. Rh6 43. Bxb7 44. f5 45. Nd4 46. h4 47. Bc6+ 48. Ke7 49. Re1 50.
Bg3 51. Nxf5+ 52. Kf8 53. Bb4+ 1-0

[Event "XXXV MEMORIAL IMIENIA LUDWIKA ZAMENHOFA 2016 - grupa A"]
[Site "Bialystok"]
[Date "2016-12-27"]
[Round "1.19"]
[White "Sroka, Janusz"]
[Black "Olhovik, Andrei"]
[Result "0-1"]
[WhiteTitle "k"]
[BlackTitle "k"]
[WhiteElo "2045"]
[BlackElo "2297"]

1. e4 2. c5 3. Nc3 4. g6 5. f4 6. Bg7 7. Nf3 8. Nc6 9. Bc4 10. e6 11. f5 12. Nge7
13. O-O 14. gxf5 15. d3 16. O-O 17. Qe1 18. Nd4 19. Qg3 20. fxe4 21. Nxd4 22.
cxd4 23. Nxe4 24. Ng6 25. Ng5 26. f6 27. Nf3 28. d5 29. Bb3 30. e5 31. h4 32.
Ne7 33. Nh2 34. Qe8 35. Qf3 36. Be6 37. h5 38. h6 39. Bd2 40. a5 41. a4 42. b6
43. Rae1 44. f5 45. Bf4 46. e4 47. Qh3 48. Qd7 49. Qg3 50. Kh7 51. Bc7 52. Qc6
53. Bd6 54. Qd7 55. Bc7 56. Rg8 57. Bxb6 58. Bh8 59. Qh4 60. Rg5 61. dxe4 62.
dxe4 63. Bxe6 64. Qxe6 65. Bc5 66. Rag8 67. Re2 68. Qc4 69. Bxe7 70. Qxe2 71.
Bxg5 72. Rxg5 73. Qh3 74. Rxh5 75. Qb3 76. Rg5 77. Qf7+ 78. Bg7 79. g4 80. fxg4
81. Rf5 82. g3 83. Nf1 84. g2 85. Qc7 0-1

[Event "XXXV MEMORIAL IMIENIA LUDWIKA ZAMENHOFA 2016 - grupa A"]
[Site "Bialystok"]
[Date "2016-12-27"]
[Round "1.20"]
[White "Khamitskiy, Sergei"]
[Black "Chylewski, Patryk"]
[Result "1-0"]
[WhiteTitle "IM"]
[BlackTitle "k"]
[WhiteElo "2290"]
[BlackElo "2042"]

1. d4 2. Nf6 3. c4 4. e6 5. g3 6. d5 7. Bg2 8. Bb4+ 9. Nd2 10. O-O 11. Ngf3 12.
b6 13. cxd5 14. exd5 15. O-O 16. Bb7 17. Ne5 18. Nbd7 19. Ndf3 20. Re8 21. Bf4
22. Bf8 23. Qc2 24. c5 25. Ng5 26. Nxe5 27. dxe5 28. Ne4 29. Nxe4 30. dxe4 31.
Bxe4 32. Bxe4 33. Qxe4 34. Qe7 35. h4 36. g6 37. Rfd1 38. Bg7 39. Rd5 40. f6 41.
Rad1 42. fxe5 43. Rd7 44. Qf8 45. Bg5 46. Kh8 47. R1d6 48. Qf5 49. Qxf5 50. gxf5
51. Bf6 52. Bxf6 53. Rxf6 54. Red8 55. Re7 56. Rd2 57. Rff7 58. Rad8 59. Rxh7+
60. Kg8 61. Reg7+ 62. Kf8 63. Rxa7 64. Kg8 65. Rag7+ 66. Kf8 67. h5 68. R8d6 69.
Rb7 70. Kg8 71. Rhc7 72. f4 73. h6 74. fxg3 75. Rg7+ 76. Kf8 77. Rbf7+ 78. Ke8
79. h7 80. Rh6 81. Re7+ 82. Kd8 83. Ra7 84. gxf2+ 85. Kxf2 86. Rh2+ 87. Kg3 1-0

[Event "XXXV MEMORIAL IMIENIA LUDWIKA ZAMENHOFA 2016 - grupa A"]
[Site "Bialystok"]
[Date "2016-12-27"]
[Round "1.21"]
[White "Parol, Pola"]
[Black "Kultiyasov, Mikhail"]
[Result "0-1"]
[WhiteTitle "k"]
[BlackTitle "k++"]
[WhiteElo "2040"]
[BlackElo "2273"]

1. e4 c5 2. Nf3 e6 3. d4 cxd4 4. Nxd4 a6 5. c4 Nf6 6. Nc3 Bb4 7. Qd3 Nc6 8. Nxc6
dxc6 9. e5 Qxd3 10. Bxd3 Nd7 11. f4 f6 12. exf6 gxf6 13. O-O a5 14. Be3 Bc5 15.
Rae1 Bxe3+ 16. Rxe3 Nc5 17. Ne4 Nxe4 18. Bxe4 Bd7 19. Rb3 O-O-O 20. c5 Kc7 21.
Rd1 f5 22. Bf3 Bc8 23. Rbd3 Rxd3 24. Rxd3 Re8 25. Ra3 b6 26. cxb6+ Kxb6 27. Rb3+
Kc7 28. Rc3 Bd7 29. Rc5 Rb8 30. b3 a4 31. Bd1 Kd6 32. Rc4 c5 33. Kf2 Bc6 34. bxa4
Bd5 35. Rc2 Rb4 36. Kg3 Rxa4 37. Bf3 Bxa2 38. Rb2 Bd5 39. Rb8 c4 40. Rd8+ Kc5
41. Rd7 h6 42. Kh4 c3 43. Kh5 Bxf3+ 44. gxf3 Rxf4 45. h4 Kc4 46. Kxh6 c2 47. Rc7+
Kd3 48. h5 Rc4 49. Rxc4 Kxc4 0-1

[Event "XXXV MEMORIAL IMIENIA LUDWIKA ZAMENHOFA 2016 - grupa A"]
[Site "Bialystok"]
[Date "2016-12-27"]
[Round "1.23"]
[White "Fus, Jakub"]
[Black "Kosakowski, Jakub"]
[Result "0-1"]
[WhiteTitle "I++"]
[BlackTitle "k"]
[WhiteElo "2033"]
[BlackElo "2249"]

1. d4 Nf6 2. c4 g6 3. Nc3 d5 4. Nf3 Bg7 5. Qb3 dxc4 6. Qxc4 O-O 7. e4 a6 8. e5
b5 9. Qb3 Nfd7 10. Ng5 Nb6 11. Be3 Nc6 12. Rd1 Bb7 13. Nge4 Na5 14. Qb4 Nac4 15.
b3 Nxe3 16. fxe3 Bxe4 17. Nxe4 Nd5 18. Qc5 Nxe3 19. Rd3 Nxf1 20. Rxf1 Qd7 21.
h3 f6 22. Rdf3 Rfe8 23. d5 f5 24. e6 Qd8 25. Nd2 Qd6 26. Qxd6 exd6 27. Kf2 c6
28. dxc6 Bd4+ 29. Kg3 Rac8 30. Rc1 Rxe6 31. Rd3 Re3+ 32. Rxe3 Bxe3 33. Rc2 Kf7
34. Kf3 Bxd2 35. Rxd2 Rxc6 36. Ke3 Ke6 37. Kd4 Rc5 38. Re2+ Re5 39. Rc2 Rd5+ 40.
Ke3 Rc5 41. Rd2 Ke5 42. Re2 f4+ 43. Kd3+ Kf6 44. Re8 Rg5 45. Rf8+ Ke5 46. Re8+
Kd5 47. Re2 Rg3+ 48. Kc2 g5 49. Kd2 h5 50. Kc2 g4 0-1

[Event "XXXV MEMORIAL IMIENIA LUDWIKA ZAMENHOFA 2016 - grupa A"]
[Site "Bialystok"]
[Date "2016-12-27"]
[Round "1.24"]
[White "Buraczewski, Rafal"]
[Black "Daniel, Damian"]
[Result "1-0"]
[WhiteTitle "k"]
[BlackTitle "I+"]
[WhiteElo "2249"]
[BlackElo "2030"]

1. Nf3 f5 2. g3 Nf6 3. Bg2 g6 4. c4 Bg7 5. Nc3 d6 6. d4 c6 7. O-O O-O 8. Qc2 Qc7
9. Rd1 a5 10. c5 Kh8 11. Bf4 Na6 12. Rac1 Qd8 13. cxd6 exd6 14. Qb3 Qe7 15. d5
a4 16. Qa3 c5 17. Qxa4 Bd7 18. Qb3 b5 19. Nxb5 Bxb5 20. Qxb5 Ne4 21. Nd2 Rfb8
22. Qc4 Rb4 23. Qd3 Bxb2 24. Rc4 Nxd2 25. Bxd2 Rb6 26. e4 fxe4 27. Rxe4 Qg7 28.
Rde1 Be5 29. f4 Bd4+ 30. Kh1 Rf8 31. a3 Nb8 32. Bh3 Rb7 33. a4 Rbf7 34. a5 Qf6
35. a6 Ra7 36. Re6 Qd8 37. Qb5 Kg7 38. Re8 1-0